[Event "Titled Tue 24th Jun Late"]
[Site "chess.com INT"]
[Date "2025.06.24"]
[Round "1"]
[White "Andrade, Ivan"]
[Black "Sibashvili, Giorgi"]
[Result "1-0"]
[WhiteTitle "FM"]
[BlackTitle "IM"]
[WhiteElo "2144"]
[BlackElo "2409"]
[WhiteFideId "14800039"]
[BlackFideId "13602799"]
[EventDate "2025.06.24"]

1. e4 c5 2. Nf3 d6 3. d4 cxd4 4. Nxd4 Nf6 5. Nc3 Nc6 6. Be2 g6 7. Be3 Bg7 8. Qd2
Ng4 9. Bxg4 Bxg4 10. f3 Be6 11. Nb3 Rc8 12. Bh6 Bxh6 13. Qxh6 Nb4 14. Qg7 Rf8
15. Rc1 Qb6 16. Qh6 f5 17. Kd2 fxe4 18. Nxe4 Bxb3 19. axb3 Qd4+ 20. Ke2 Rxc2+
21. Rxc2 Qd3+ 22. Kf2 Qxc2+ 23. Kg3 d5 24. Rc1 Qxc1 25. Qxc1 dxe4 26. Qc8+ Kf7
27. Qc4+ Kg7 28. Qxb4 1-0

[Event "Titled Tue 24th Jun Late"]
[Site "chess.com INT"]
[Date "2025.06.24"]
[Round "1"]
[White "Vagman, Roy"]
[Black "Bhatia, Kanishka"]
[Result "0-1"]
[WhiteTitle "FM"]
[BlackTitle "WCM"]
[WhiteElo "2403"]
[BlackElo "1965"]
[WhiteFideId "2828995"]
[BlackFideId "2410095"]
[EventDate "2025.06.24"]

1. Nf3 Nf6 2. g3 g6 3. Bg2 Bg7 4. O-O O-O 5. c4 c5 6. Nc3 d6 7. d4 cxd4 8. Nxd4
a6 9. b3 Qc7 10. Bb2 Nc6 11. Qd2 Bd7 12. e3 Rac8 13. Rac1 Qb8 14. Rfd1 Rfd8 15.
h3 h6 16. Kh2 Kh7 17. Nd5 Nxd5 18. cxd5 Nxd4 19. Bxd4 Rxc1 20. Rxc1 Bxd4 21.
Qxd4 b6 22. h4 h5 23. Qf4 Kg8 24. e4 Rc8 25. Re1 Rc2 26. e5 dxe5 27. Qxe5 Qxe5
28. Rxe5 e6 29. dxe6 Bxe6 30. f4 Rxa2 31. b4 Rb2 32. b5 a5 33. Kg1 a4 34. Re3
Ra2 35. Rd3 a3 36. Rd8+ Kg7 37. Ra8 Ra1+ 38. Kh2 a2 39. f5 gxf5 40. Bd5 Bxd5 0-1

[Event "Titled Tue 24th Jun Late"]
[Site "chess.com INT"]
[Date "2025.06.24"]
[Round "1"]
[White "Golis, Wiktor"]
[Black "Gattani, Sarthak"]
[Result "1-0"]
[WhiteTitle "FM"]
[WhiteElo "2307"]
[BlackElo "1944"]
[WhiteFideId "21055874"]
[BlackFideId "30995965"]
[EventDate "2025.06.24"]

1. Nf3 Nf6 2. c4 e6 3. e3 d5 4. Nc3 Be7 5. b3 O-O 6. Bb2 c5 7. cxd5 exd5 8. d4
Nc6 9. Be2 Bf5 10. O-O Rc8 11. Rc1 h6 12. dxc5 Bxc5 13. Nxd5 Qxd5 14. Qxd5 Nxd5
15. Rxc5 Be6 16. a3 b6 17. Rcc1 Na5 18. Nd4 Nc7 19. Nxe6 Nxe6 20. b4 Nb3 21.
Rxc8 Rxc8 22. Bd3 a5 23. h3 axb4 24. axb4 Nc7 25. Rd1 Rd8 26. Bh7+ Kxh7 27. Rxd8
Ne6 28. Rd3 1-0

[Event "Titled Tue 24th Jun Late"]
[Site "chess.com INT"]
[Date "2025.06.24"]
[Round "1"]
[White "Watanabe, Akira"]
[Black "Zdorov, Egor Vit"]
[Result "0-1"]
[WhiteTitle "FM"]
[BlackTitle "CM"]
[WhiteElo "2284"]
[BlackElo "2101"]
[WhiteFideId "7000227"]
[BlackFideId "55688560"]
[EventDate "2025.06.24"]

1. d4 Nf6 2. c4 e6 3. Nc3 Bb4 4. e3 O-O 5. Bd3 d5 6. cxd5 exd5 7. Ne2 c6 8. O-O
Re8 9. a3 Bd6 10. Bd2 h6 11. Ng3 Qc7 12. Rc1 a6 13. Kh1 Bg4 14. Qc2 h5 15. f4 h4
16. Nf5 Bxf5 17. Bxf5 g6 18. Bh3 Nbd7 19. Rce1 Ne4 20. Nxe4 Rxe4 21. f5 g5 22.
g4 Nf6 23. Bg2 Rxg4 24. h3 Re4 25. Re2 Rae8 26. Bxe4 Nxe4 27. Be1 Bg3 0-1

[Event "Titled Tue 24th Jun Late"]
[Site "chess.com INT"]
[Date "2025.06.24"]
[Round "1"]
[White "Puzyrevsky, Semyon"]
[Black "Brancaleoni, Maurizio"]
[Result "1-0"]
[WhiteTitle "FM"]
[BlackTitle "FM"]
[WhiteElo "2292"]
[BlackElo "2185"]
[WhiteFideId "24240931"]
[BlackFideId "803022"]
[EventDate "2025.06.24"]

1. d4 Nf6 2. c4 b6 3. Nc3 Bb7 4. Nf3 e6 5. g3 Bb4 6. Bg2 O-O 7. O-O Bxc3 8. bxc3
Nc6 9. a4 Na5 10. Qd3 Ba6 11. Ne5 d5 12. Ba3 Re8 13. Bb4 Nxc4 14. Nc6 Qd7 15.
Ne5 Qc8 16. Nxc4 Bxc4 17. Qc2 c5 18. Ba3 cxd4 19. cxd4 Qa6 20. Rfe1 Rac8 21. e3
Bd3 22. Qd2 Ne4 23. Qb4 Rc4 24. Qb3 Bc2 25. Qb2 Bd3 26. f3 Nc3 27. Bb4 Nxa4 28.
Qa3 b5 29. Bd2 Bg6 30. Bf1 Rc2 31. Qb4 Rb2 32. Qxb2 Nxb2 33. Rxa6 Nc4 34. Bxc4
bxc4 35. Rxa7 Bd3 36. Rea1 1-0

[Event "Titled Tue 24th Jun Late"]
[Site "chess.com INT"]
[Date "2025.06.24"]
[Round "1"]
[White "Hoeffer, David"]
[Black "Kracht, Raphael"]
[Result "1-0"]
[WhiteTitle "FM"]
[BlackTitle "CM"]
[WhiteElo "2295"]
[BlackElo "2195"]
[WhiteFideId "24606766"]
[BlackFideId "16214382"]
[EventDate "2025.06.24"]

1. d4 Nf6 2. c4 e6 3. g4 Nxg4 4. e4 Nf6 5. e5 Ng8 6. Bg2 d6 7. Nf3 Nc6 8. Bf4
dxe5 9. Bxe5 Bb4+ 10. Nc3 Nxe5 11. Nxe5 Bxc3+ 12. bxc3 Nf6 13. Rg1 g6 14. Rb1
O-O 15. Bxb7 Bxb7 16. Rxb7 c5 17. Qf3 cxd4 18. Nc6 Qd6 19. cxd4 Kg7 20. h4 h5
21. Ne5 Qxd4 22. Rxg6+ Kh7 23. Qxf6 Qe4+ 24. Kf1 Qh1+ 25. Rg1 Qh3+ 26. Ke2 1-0

[Event "Titled Tue 24th Jun Late"]
[Site "chess.com INT"]
[Date "2025.06.24"]
[Round "1"]
[White "Kalinin, Nikita An."]
[Black "Kozionov, Kirill"]
[Result "1-0"]
[WhiteTitle "FM"]
[BlackTitle "IM"]
[WhiteElo "2336"]
[BlackElo "2442"]
[WhiteFideId "34233512"]
[BlackFideId "24101729"]
[EventDate "2025.06.24"]

1. e4 d5 2. exd5 Nf6 3. Nf3 Nxd5 4. d4 g6 5. Bd3 Bg7 6. O-O O-O 7. c3 Nc6 8. Re1
Bg4 9. h3 Bxf3 10. Qxf3 e5 11. Be4 Nde7 12. dxe5 Nxe5 13. Qg3 N7c6 14. Bg5 Qd6
15. Na3 Rfe8 16. Nb5 Qd7 17. Rad1 Qc8 18. Bxc6 bxc6 19. Nd4 Qa6 20. a3 Rab8 21.
Re4 f5 22. Re3 h6 23. Bf4 Nc4 24. Rxe8+ Rxe8 25. Qxg6 1-0

[Event "Titled Tue 24th Jun Late"]
[Site "chess.com INT"]
[Date "2025.06.24"]
[Round "1"]
[White "Karas, Eugenia"]
[Black "Vlassov, Nikolai"]
[Result "0-1"]
[WhiteTitle "WFM"]
[BlackTitle "IM"]
[WhiteElo "2124"]
[BlackElo "2291"]
[WhiteFideId "463485"]
[BlackFideId "4103360"]
[EventDate "2025.06.24"]

1. Nf3 f5 2. Nc3 d6 3. d4 g6 4. g3 Nf6 5. Bg2 Bg7 6. O-O O-O 7. Re1 Qe8 8. e4
fxe4 9. Nxe4 Nxe4 10. Rxe4 Bf5 11. Re1 Nc6 12. c3 e5 13. dxe5 dxe5 14. Bf4 Kh8
15. Nxe5 Nxe5 16. Bxe5 Bxe5 17. f4 Qb5 18. fxe5 Qxb2 19. Qd4 Rad8 20. Qb4 Rd2
21. Qxb2 Rxb2 22. e6 Re8 23. Rad1 Rxe6 24. Rd8+ Kg7 25. Rd7+ Kf6 26. Rxe6+ Bxe6
27. Rxc7 Rxa2 28. Rxb7 Rxg2+ 29. Kxg2 Bd5+ 30. Kf2 Bxb7 31. Ke3 Ke5 32. c4 a5
33. Kd3 a4 34. Kc3 Bc6 35. Kb4 Kd4 36. c5 g5 37. h4 g4 38. h5 h6 39. Ka3 Kxc5 0-1

[Event "Titled Tue 24th Jun Late"]
[Site "chess.com INT"]
[Date "2025.06.24"]
[Round "1"]
[White "Makaraci, Tunahan"]
[Black "Askarov, Bakhtiyar"]
[Result "1-0"]
[WhiteTitle "FM"]
[BlackTitle "IM"]
[WhiteElo "2233"]
[BlackElo "2297"]
[WhiteFideId "6356559"]
[BlackFideId "13701100"]
[EventDate "2025.06.24"]

1. e4 c5 2. c3 g6 3. Nf3 Bg7 4. d4 cxd4 5. cxd4 d5 6. e5 a6 7. h3 Nc6 8. Nc3 Nh6
9. Bd3 O-O 10. O-O f6 11. exf6 Rxf6 12. Bg5 Rf7 13. Re1 Nf5 14. Bc2 Nfxd4 15.
Nxd4 Nxd4 16. Bb3 Nxb3 17. Qxb3 Bxc3 18. Qxc3 Qd6 19. Re5 e6 20. Rae1 Bd7 21.
Qg3 Rc8 22. h4 Qf8 23. h5 Qg7 24. h6 Qf8 25. R5e2 Rf5 26. Bd2 Qf6 27. Bc3 Qf8
28. Qe3 Qe7 29. Qd4 Rxc3 30. bxc3 Qd6 31. Qg7# 1-0

[Event "Titled Tue 24th Jun Late"]
[Site "chess.com INT"]
[Date "2025.06.24"]
[Round "1"]
[White "Ribeiro, Gustavo"]
[Black "Araujo Filho, Luiz Antonio Coel"]
[Result "1-0"]
[WhiteTitle "FM"]
[WhiteElo "2314"]
[BlackElo "2077"]
[WhiteFideId "1941852"]
[BlackFideId "2130661"]
[EventDate "2025.06.24"]

1. e4 c6 2. d4 d5 3. Nc3 dxe4 4. Nxe4 Nf6 5. Nxf6+ exf6 6. Bc4 Bd6 7. Qe2+ Qe7
8. Qxe7+ Bxe7 9. Ne2 O-O 10. O-O Bd6 11. Bf4 Bxf4 12. Nxf4 Bf5 13. c3 b6 14.
Rfe1 b5 15. Bb3 Nd7 16. a4 Rfe8 17. Rxe8+ Rxe8 18. axb5 cxb5 19. f3 g5 20. Nd5
Re2 21. Rxa7 Kg7 22. Rb7 Rxb2 23. Ne3 Bd3 24. Bd5 Re2 25. Ng4 Re1+ 26. Kf2 Re2+
27. Kg3 f5 28. Rxd7 fxg4 29. Rxf7+ Kg6 30. fxg4 Re3+ 31. Rf3 1-0

[Event "Titled Tue 24th Jun Late"]
[Site "chess.com INT"]
[Date "2025.06.24"]
[Round "1"]
[White "Erdogan, Anil Berk"]
[Black "Naroditsky, Daniel"]
[Result "0-1"]
[WhiteTitle "CM"]
[BlackTitle "GM"]
[WhiteElo "2091"]
[BlackElo "2619"]
[WhiteFideId "6348173"]
[BlackFideId "2026961"]
[EventDate "2025.06.24"]

1. e4 c5 2. Nf3 Nc6 3. d4 cxd4 4. Nxd4 g6 5. c4 Bg7 6. Be3 Qb6 7. Nb5 Qa5+ 8.
N1c3 Nf6 9. Bd3 d6 10. f3 O-O 11. O-O Be6 12. Qd2 Rfc8 13. Rfc1 Nd7 14. Rab1 a6
15. Na3 Nce5 16. b4 Qxa3 17. Rb3 Qxc1+ 18. Qxc1 Nxd3 19. Qd2 Bxc4 20. Rb1 b5 21.
Nd5 Bxd5 22. exd5 N3e5 23. Bg5 Nc4 24. Qe2 Nf6 25. Qxe7 Nxd5 26. Qb7 Nc3 27. Re1
Re8 28. Rxe8+ Rxe8 29. Qxa6 h6 30. Bh4 Re2 31. a4 Ra2 32. Qc8+ Kh7 33. axb5 Bd4+
34. Kf1 Ne3+ 35. Kg1 Ra1+ 36. Kf2 Rf1+ 37. Kg3 Ne2+ 38. Kh3 g5 39. Bg3 Ng1# 0-1

[Event "Titled Tue 24th Jun Late"]
[Site "chess.com INT"]
[Date "2025.06.24"]
[Round "1"]
[White "Izafatava, Kira"]
[Black "Vaganian, Rafael A"]
[Result "0-1"]
[WhiteTitle "WCM"]
[BlackTitle "GM"]
[WhiteElo "2036"]
[BlackElo "2449"]
[WhiteFideId "13521705"]
[BlackFideId "13300016"]
[EventDate "2025.06.24"]

1. e4 e6 2. d4 d5 3. Nd2 Nc6 4. Ngf3 Nf6 5. Bd3 Nb4 6. Qe2 Nxd3+ 7. Qxd3 Be7 8.
e5 Nd7 9. c3 b6 10. O-O a5 11. b3 c5 12. Re1 O-O 13. Bb2 a4 14. h3 a3 15. Bc1
cxd4 16. cxd4 Ba6 17. Qe3 Nb8 18. Nf1 Nc6 19. Bd2 Nb4 20. Bxb4 Bxb4 21. Red1 Rc8
22. Rac1 Qd7 23. Ng3 Rxc1 24. Rxc1 Rc8 25. Nh5 h6 26. Rxc8+ Qxc8 27. Qf4 Qc2 28.
Qg4 Qg6 29. Qxg6 fxg6 30. Nf4 Kf7 31. g4 g5 32. Ng2 Bd3 33. Ne3 Bb1 34. Nf1 Bxa2
35. N1d2 Bb1 36. Nxb1 a2 37. Nbd2 a1=Q+ 38. Kg2 Bxd2 39. Nxd2 Qxd4 0-1

[Event "Titled Tue 24th Jun Late"]
[Site "chess.com INT"]
[Date "2025.06.24"]
[Round "1"]
[White "Savitha, Shri B"]
[Black "Garde, Guillaume"]
[Result "0-1"]
[WhiteTitle "IM"]
[BlackTitle "CM"]
[WhiteElo "2293"]
[BlackElo "2211"]
[WhiteFideId "35061887"]
[BlackFideId "45138273"]
[EventDate "2025.06.24"]

1. e4 c6 2. Nf3 d5 3. Nc3 dxe4 4. Nxe4 Nf6 5. Qe2 Nxe4 6. Qxe4 Nd7 7. Bc4 Nf6 8.
Qe2 Bf5 9. Ne5 e6 10. d3 Bd6 11. h4 Qc7 12. Bf4 h5 13. f3 O-O-O 14. O-O-O Nd5
15. Bh2 f6 16. g4 Bh7 17. Nxc6 bxc6 18. Qxe6+ Qd7 19. Bxd5 cxd5 20. Qxd5 Bf4+
21. Bxf4 Qxd5 22. Kb1 Qxf3 23. Bd2 hxg4 24. Ba5 Rd7 25. Rhe1 Bf5 26. Rc1 g3 27.
c4 Bxd3+ 28. Ka1 g2 29. c5 Bf1 30. c6 Rf7 31. c7 g1=Q 32. Red1 Qxd1 33. Rxd1 Rd7
34. Rc1 Qg2 0-1

[Event "Titled Tue 24th Jun Late"]
[Site "chess.com INT"]
[Date "2025.06.24"]
[Round "1"]
[White "Chiu, Isaac"]
[Black "Estrada Nieto, Julian"]
[Result "1-0"]
[BlackTitle "IM"]
[WhiteElo "2226"]
[BlackElo "2181"]
[WhiteFideId "30900654"]
[BlackFideId "5101018"]
[EventDate "2025.06.24"]

1. e4 e5 2. Nf3 Nc6 3. Bc4 Bc5 4. c3 Nf6 5. d3 d6 6. O-O a6 7. a4 Ba7 8. Nbd2
O-O 9. h3 h6 10. Re1 Re8 11. b4 Be6 12. Bxe6 Rxe6 13. Qc2 d5 14. Nb3 Qd7 15. b5
Ne7 16. exd5 Qxd5 17. c4 Qd8 18. Nxe5 Nf5 19. Bb2 Nd4 20. Nxd4 Bxd4 21. Bxd4
Qxd4 22. Nf3 Rxe1+ 23. Rxe1 Qf4 24. Qd2 Qxd2 25. Nxd2 axb5 26. axb5 Ra2 27. Nf3
Kf8 28. Ne5 g5 29. g3 h5 30. Kg2 g4 31. hxg4 hxg4 32. Re3 b6 33. Nc6 Rd2 34. Nd4
Nd7 35. Nb3 Rc2 36. Kf1 f6 37. Nd4 Nc5 38. Ne6+ Nxe6 39. Rxe6 Rd2 40. Rxf6+ Ke7
41. Rc6 Kd7 42. Rg6 Rxd3 43. Rxg4 Kd6 44. Rg6+ Kd7 45. Kg2 Rd4 46. Rc6 Rd2 47.
g4 Kd8 48. Kg3 Rd1 49. f4 Rg1+ 50. Kh4 1-0

[Event "Titled Tue 24th Jun Late"]
[Site "chess.com INT"]
[Date "2025.06.24"]
[Round "1"]
[White "Terletsky, Oleg"]
[Black "Bortnyk, Olexandr"]
[Result "0-1"]
[WhiteTitle "IM"]
[BlackTitle "GM"]
[WhiteElo "2160"]
[BlackElo "2601"]
[WhiteFideId "14116774"]
[BlackFideId "14120828"]
[EventDate "2025.06.24"]

1. e4 Nf6 2. Nc3 d5 3. e5 Nfd7 4. d4 c5 5. f4 cxd4 6. Nb5 Nc6 7. Nf3 Nc5 8.
Nbxd4 Bg4 9. Be2 e6 10. O-O Be7 11. Be3 O-O 12. c3 Rc8 13. h3 Bxf3 14. Bxf3 Nxd4
15. Bxd4 Nd7 16. f5 Bc5 17. fxe6 fxe6 18. Bg4 Rxf1+ 19. Qxf1 Qb6 20. Qf2 Rf8 21.
Qd2 h5 22. Bxh5 Nxe5 23. b3 Bxd4+ 24. cxd4 Rf5 25. Be2 Nc6 26. Rd1 e5 27. Bg4
Nxd4 28. Kh1 Rf4 29. Re1 Qf6 30. Qd3 e4 31. Qg3 Rf1+ 32. Rxf1 Qxf1+ 33. Kh2 Qf6
34. Qb8+ Kh7 35. Qxb7 Qe5+ 36. Kg1 e3 37. Qf7 e2 38. Bxe2 Nxe2+ 39. Kf2 Qf4+ 0-1

[Event "Titled Tue 24th Jun Late"]
[Site "chess.com INT"]
[Date "2025.06.24"]
[Round "1"]
[White "Schmider, Niklas"]
[Black "Adel, Sara"]
[Result "0-1"]
[WhiteTitle "IM"]
[BlackTitle "WFM"]
[WhiteElo "2421"]
[BlackElo "1880"]
[WhiteFideId "12993778"]
[BlackFideId "10616764"]
[EventDate "2025.06.24"]

1. e4 c6 2. d4 d5 3. e5 c5 4. c3 Nc6 5. Be2 cxd4 6. cxd4 Bf5 7. Nf3 e6 8. O-O
Be4 9. Nc3 Nge7 10. Be3 Nf5 11. Qd2 Be7 12. Rad1 Bxf3 13. Bxf3 Rc8 14. Bg4 Nxe3
15. fxe3 Bg5 16. Qe2 O-O 17. Rf2 Na5 18. Rdf1 Nc4 19. Nd1 Rc7 20. b3 Na3 21. Qd3
Qc8 22. e4 dxe4 23. Qxe4 Qd7 24. Ne3 Nb5 25. d5 Bxe3 26. Qxe3 Qxd5 27. a4 Na3
28. Qxa7 Qxb3 29. Rf3 Qb4 30. Bxe6 Nc2 31. Qf2 Qd4 32. Bxf7+ Rcxf7 33. Rxf7 Rxf7
34. Qxd4 Nxd4 0-1

[Event "Titled Tue 24th Jun Late"]
[Site "chess.com INT"]
[Date "2025.06.24"]
[Round "1"]
[White "Makridis, Dimitrios"]
[Black "Ferrara, Enzo"]
[Result "1-0"]
[WhiteTitle "FM"]
[WhiteElo "2283"]
[BlackElo "2138"]
[WhiteFideId "25864475"]
[BlackFideId "137731"]
[EventDate "2025.06.24"]

1. e4 e6 2. d4 d5 3. Nc3 Bb4 4. e5 c5 5. a3 Bxc3+ 6. bxc3 Ne7 7. h4 Qa5 8. Bd2
c4 9. h5 h6 10. Qg4 Nf5 11. Nf3 Nc6 12. Kd1 Nce7 13. Nh4 Bd7 14. Nxf5 Nxf5 15.
Qf4 Ba4 16. g4 Ne7 17. Bh3 Qc7 18. Rg1 g5 19. hxg6 Nxg6 20. Qf6 Qe7 21. Qxe7+
Kxe7 22. f4 Rag8 23. f5 Nf8 24. Be3 exf5 25. gxf5 Rxg1+ 26. Bxg1 Rg8 27. Bf2 Nh7
28. Kd2 Ng5 29. Bh4 f6 30. Bxg5 hxg5 31. Bg2 Rh8 32. Bxd5 Rh2+ 33. Ke3 Rh3+ 34.
Kf2 Rxc3 35. Rh1 Rxc2+ 36. Kg3 Rc3+ 37. Kg4 Rd3 38. exf6+ Kd6 39. f7 Rxd4+ 40.
Kxg5 Ke7 41. f6+ Kf8 42. Rh8# 1-0

[Event "Titled Tue 24th Jun Late"]
[Site "chess.com INT"]
[Date "2025.06.24"]
[Round "1"]
[White "Petrenko, Maryna"]
[Black "Ghimoyan, Narek"]
[Result "1/2-1/2"]
[WhiteTitle "WFM"]
[BlackTitle "CM"]
[WhiteElo "2062"]
[BlackElo "2273"]
[WhiteFideId "14197820"]
[BlackFideId "13315412"]
[EventDate "2025.06.24"]

1. d4 Nf6 2. c4 e6 3. g3 d5 4. Bg2 Be7 5. Nf3 O-O 6. O-O dxc4 7. Qc2 a6 8. a4
Bd7 9. Rd1 Bc6 10. Nc3 a5 11. e4 Na6 12. d5 exd5 13. exd5 Nb4 14. Qe2 Nbxd5 15.
Qxc4 Nb6 16. Qe2 Qe8 17. Be3 Nbd5 18. Nxd5 Bxd5 19. Qc2 c6 20. Bd4 Qc8 21. Ng5
Bxg2 22. Bxf6 g6 23. Bxe7 Re8 24. Kxg2 Rxe7 25. Re1 Rd7 26. Ne4 Qd8 27. Qc3 Rd4
28. Re2 f5 29. Nc5 Qd5+ 30. Kg1 Rc4 31. Re5 Rxc3 32. Rxd5 Rc2 33. Re5 b6 34. Nd3
Rd8 35. Nf4 Rxb2 36. Re6 Rc2 37. Re7 Rcd2 38. Rae1 Rd1 39. Rxd1 Rxd1+ 40. Kg2
Ra1 41. Ne6 Rxa4 42. Rg7+ Kh8 43. Rc7 Kg8 44. Rxc6 Rb4 45. Rc7 a4 46. Rg7+ Kh8
47. Rb7 Kg8 48. Rg7+ Kh8 49. Rb7 Kg8 50. Rg7+ 1/2-1/2

[Event "Titled Tue 24th Jun Late"]
[Site "chess.com INT"]
[Date "2025.06.24"]
[Round "1"]
[White "Melillo, Lucius"]
[Black "Bluebaum, Matthias"]
[Result "0-1"]
[WhiteTitle "FM"]
[BlackTitle "GM"]
[WhiteElo "2170"]
[BlackElo "2663"]
[WhiteFideId "30958245"]
[BlackFideId "24651516"]
[EventDate "2025.06.24"]

1. d4 d5 2. Bf4 e6 3. e3 c5 4. Nf3 Nc6 5. c3 Bd6 6. Bg3 Nge7 7. Nbd2 cxd4 8.
exd4 O-O 9. Bd3 f6 10. O-O Bxg3 11. hxg3 e5 12. Bb5 e4 13. Ne1 Qd6 14. Nc2 Nf5
15. Re1 Bd7 16. Ne3 Nxe3 17. Rxe3 Ne7 18. Bxd7 Qxd7 19. Re1 Rae8 20. Rc1 Qd6 21.
c4 f5 22. cxd5 Qxd5 23. Qb3 Qxb3 24. Nxb3 Rc8 25. Nc5 b6 26. Ne6 Rfe8 27. Rc3
Nd5 28. Rxc8 Rxc8 29. Nf4 Nxf4 30. gxf4 Kf7 31. Kf1 Ke6 32. Rd1 Kd5 33. Rd2 Rc4
34. Ke2 Rxd4 35. Rc2 Rc4 36. Rd2+ Ke6 37. b3 Rc3 38. g3 h5 39. Kd1 h4 40. gxh4
Rf3 41. Rc2 Rxf4 42. Rc7 Rxf2 43. Rxa7 f4 44. Rxg7 f3 45. Rg4 Kf5 46. Rg5+ Kf4
47. Rg8 Rxa2 48. h5 e3 0-1

[Event "Titled Tue 24th Jun Late"]
[Site "chess.com INT"]
[Date "2025.06.24"]
[Round "1"]
[White "Christiansen, Johan-Sebastian"]
[Black "Tang, Austin"]
[Result "1/2-1/2"]
[WhiteTitle "GM"]
[WhiteElo "2642"]
[BlackElo "1979"]
[WhiteFideId "1512668"]
[BlackFideId "30964580"]
[EventDate "2025.06.24"]

1. e4 e5 2. Nf3 Nf6 3. Nc3 Nc6 4. a3 Be7 5. d4 exd4 6. Nxd4 O-O 7. Nxc6 bxc6 8.
e5 Ne8 9. Bd3 d6 10. Bf4 dxe5 11. Bxe5 Nd6 12. O-O c5 13. Qf3 Bb7 14. Qh3 g6 15.
Rad1 Bf6 16. Qg3 Re8 17. Rfe1 Bxe5 18. Rxe5 Rxe5 19. Qxe5 c4 20. Bxc4 Qh4 21.
Bd5 Re8 22. Qg3 Qd4 23. h3 Qb6 24. Bxb7 Qxb7 25. Nd5 Ne4 26. Qxc7 Qxb2 27. Re1
Qd4 28. Ne3 Qd2 29. Rf1 Nc3 30. Ng4 Re1 31. Rxe1 Qxe1+ 32. Kh2 Ne2 33. Qb8+ Kg7
34. Qe5+ Kf8 35. h4 h5 36. Qh8+ Ke7 37. Qe5+ Kf8 38. Qh8+ Ke7 39. Qe5+ Kf8 1/2-1/2

[Event "Titled Tue 24th Jun Late"]
[Site "chess.com INT"]
[Date "2025.06.24"]
[Round "1"]
[White "Kukhmazov, Arsen"]
[Black "Kodihalli, Kaustubh"]
[Result "1-0"]
[WhiteTitle "IM"]
[WhiteElo "2442"]
[BlackElo "2038"]
[WhiteFideId "24108260"]
[BlackFideId "30956455"]
[EventDate "2025.06.24"]

1. Nf3 Nf6 2. c4 g6 3. b4 Bg7 4. Bb2 O-O 5. e3 a5 6. a3 axb4 7. axb4 Rxa1 8.
Bxa1 d6 9. Be2 e5 10. d3 c6 11. O-O Na6 12. Qb3 Qb6 13. Bc3 e4 14. Nfd2 exd3 15.
Bxd3 Be6 16. Na3 d5 17. c5 Qd8 18. Bxa6 bxa6 19. Qa4 Qc8 20. Nc2 Bd7 21. Nb3 Re8
22. Ra1 Bf5 23. Ncd4 Ne4 24. Be1 Bd7 25. Qxa6 Qd8 26. Qb7 Nf6 27. Ra7 h5 28.
Nxc6 Qc8 29. Qxc8 Bxc8 30. Ne7+ Kf8 31. Nxc8 Rxc8 32. b5 Ne4 33. c6 Be5 34. f3
Nd6 35. Bb4 Kg7 36. Bxd6 Bxd6 37. Nd4 Bc5 38. Rb7 Re8 39. Kf2 1-0

[Event "Titled Tue 24th Jun Late"]
[Site "chess.com INT"]
[Date "2025.06.24"]
[Round "1"]
[White "Radil, Casper"]
[Black "Arakelyan, Manvel"]
[Result "0-1"]
[WhiteTitle "CM"]
[BlackTitle "FM"]
[WhiteElo "2206"]
[BlackElo "2326"]
[WhiteFideId "1410164"]
[BlackFideId "13317415"]
[EventDate "2025.06.24"]

1. e4 c5 2. c3 Nf6 3. e5 Nd5 4. Bc4 Nb6 5. Bb3 d5 6. exd6 Qxd6 7. d4 cxd4 8.
cxd4 Nc6 9. Be3 e6 10. Nc3 Be7 11. Nf3 O-O 12. O-O Nb4 13. Qe2 N4d5 14. Bd2 Bd7
15. Ne5 Rad8 16. Rad1 Bc6 17. Nxc6 Qxc6 18. Rc1 Qd7 19. Ne4 Nf6 20. Bc3 Nxe4 21.
Qxe4 Bf6 22. Rcd1 Nd5 23. Bd2 Ne7 24. Bc3 Nd5 25. h4 Qc6 26. Kh1 Nxc3 27. Qxc6
bxc6 28. bxc3 Bxh4 29. g3 Bf6 30. Rfe1 Rd6 31. Re4 Rc8 32. Rde1 h6 33. f4 c5 34.
d5 exd5 35. Re8+ Rxe8 36. Rxe8+ Kh7 37. Bc2+ g6 38. Ra8 Rd7 39. c4 dxc4 40. Rc8
Bd4 41. Ba4 Re7 42. Bb5 c3 43. Bd3 c2 44. Bxc2 Re1+ 45. Kg2 Re2+ 46. Kf3 Rxc2
47. Ke4 Rxa2 48. Rc7 Kg7 49. g4 Re2+ 50. Kf3 Re3+ 51. Kg2 h5 52. g5 h4 53. f5
gxf5 54. Rxa7 h3+ 55. Kh2 Be5+ 56. Kh1 Bg3 57. Ra1 Re1+ 58. Rxe1 Bxe1 59. Kh2 c4
60. Kxh3 c3 61. Kg2 c2 62. Kf3 c1=Q 63. g6 fxg6 64. Kg2 Kf6 65. Kh3 Ke5 66. Kg2
g5 67. Kf3 g4+ 68. Ke2 Qd2+ 69. Kf1 Qf2# 0-1

[Event "Titled Tue 24th Jun Late"]
[Site "chess.com INT"]
[Date "2025.06.24"]
[Round "1"]
[White "Castillo Pena, Patricia Evarista"]
[Black "Krishnakumar, Sriram"]
[Result "0-1"]
[WhiteTitle "WFM"]
[BlackTitle "FM"]
[WhiteElo "1909"]
[BlackElo "2197"]
[WhiteFideId "6412106"]
[BlackFideId "30915856"]
[EventDate "2025.06.24"]

1. d4 d5 2. Nf3 Nf6 3. e3 e6 4. Bd3 c5 5. b3 Nc6 6. Bb2 Be7 7. O-O O-O 8. Nbd2
b6 9. Ne5 Bb7 10. f4 Nxe5 11. fxe5 Ne4 12. Qe2 f5 13. exf6 Bxf6 14. Rad1 Qe7 15.
Bxe4 dxe4 16. Qg4 cxd4 17. Nxe4 h5 18. Nxf6+ Rxf6 19. Qxh5 Rxf1+ 20. Rxf1 dxe3
21. Bd4 Ba6 22. Re1 e2 23. c4 Rd8 24. Qg4 e5 25. Bc3 Rd3 26. Ba1 Qc5+ 27. Kh1
Qf2 28. Qxe2 Qxe2 0-1

[Event "Titled Tue 24th Jun Late"]
[Site "chess.com INT"]
[Date "2025.06.24"]
[Round "1"]
[White "Yanev, Tihomir"]
[Black "Wieczorek, Zbigniew"]
[Result "0-1"]
[WhiteTitle "IM"]
[BlackTitle "FM"]
[WhiteElo "2354"]
[BlackElo "2105"]
[WhiteFideId "2910110"]
[BlackFideId "1102001"]
[EventDate "2025.06.24"]

1. d4 g6 2. e4 Bg7 3. Nc3 c6 4. Nf3 d5 5. h3 dxe4 6. Nxe4 Bf5 7. Ng3 Nf6 8. Nxf5
Qa5+ 9. c3 Qxf5 10. Bd3 Qc8 11. O-O O-O 12. Re1 c5 13. Qb3 cxd4 14. Nxd4 e6 15.
Bg5 Nbd7 16. Bf1 Nc5 17. Qc2 Nd5 18. Rad1 a6 19. a3 b5 20. g3 Na4 21. Bg2 Nab6
22. h4 Ra7 23. h5 Rc7 24. hxg6 hxg6 25. Bh3 Re8 26. Nxe6 Rxe6 27. Bxe6 fxe6 28.
Qxg6 Rc6 29. Re4 Qf8 30. Rxe6 Rxe6 31. Qxe6+ Qf7 32. Qe4 Bf6 33. Bxf6 Nxf6 34.
Rd6 Nxe4 0-1